| 000 | 00498nam a2200169 a 4500 | ||
|---|---|---|---|
| 001 | 000045271 | ||
| 005 | 20240412074304.0 | ||
| 008 | 150223s1984 dr a 000 p spa d | ||
| 040 |
_aDO-SdBNP _bspa _cBNPHU |
||
| 082 |
_aRD861.44 _bD249po |
||
| 100 | 1 |
_aLeón David _d1945- _984930 |
|
| 245 | 1 | 0 |
_aPoemas del Hombre Anodino / _cLeón David. |
| 260 |
_aSanto Domingo : _b[s.n.], _c1984. |
||
| 300 |
_a62 p. : _bil. ; _c21 cm. |
||
| 650 | 0 |
_aPoesía dominicana _966 |
|
| 650 | 0 |
_aLiteratura dominicana. _967 |
|
| 999 |
_c44760 _d44760 |
||